00786nai a2200193Ia 4500003000900000008004100009022002200050022002300072040001600095245010400111260008600215310001400301362003400315521006900349650004700418650002000465650001400485856009300499IN-BaIIA211028c9999 xx s 000 0 eng d a2168-0167 (Print) a2168-0175 (Online) cIIA Library 0aTransactions of the IRE Professional Group on Aeronautical and Navigational Electronicsh[eJournal] aNew York, USAbThe Institute of Electrical and Electronics Engineers, Inc. (IEEE) aQuarterly aPGAE-10;1953 - ANE-1(4); 1954 bSubscribed through National Knowledge Resource Consortium (NKRC) a Components, Circuits, Devices and Systems a Transportation aAerospace uhttps://ieeexplore.ieee.org/servlet/opac?punumber=5062323yClick Here to Access eJournal